| 000 | 00874cam a2200265 4500 | ||
|---|---|---|---|
| 001 | M2043 | ||
| 008 | 090401t1996 xxu||||| |||| 00| 0 eng d | ||
| 035 | _a(Sirsi) u96297 | ||
| 041 | _aeng | ||
| 110 |
_aRoyal Institution of Chartered Surveyors _94900 |
||
| 245 | _aHouse of Lords Select Committee on relations between Central and Local government. | ||
| 260 |
_aLondon _bRICS _c1996 |
||
| 300 | _a4p. ; 30cm. | ||
| 350 | _a4 | ||
| 490 |
_aRICS Memorandum _vPU/Report(96)1 |
||
| 520 | _aResponse to an invitation to an ad hoc Select Committee appointed by the House of Lords to consider relations between Central and Local Government. | ||
| 650 | _aCCT | ||
| 650 | _aCENTRAL GOVERNMENT | ||
| 650 | _aCOMPULSORY COMPETITIVE TENDERING | ||
| 650 | _aFINANCE | ||
| 650 | _aLOCAL GOVERNMENT | ||
| 690 | _aECONOMIC AND SOCIAL | ||
| 942 | _n0 | ||
| 948 | _c04/03/1997 | ||
| 999 |
_c98623 _d98623 |
||